01015cam a22002531 450000100060000000300080000600500170001400800410003103500190007203500180009104000510010904100080016008200210016824501530018925000110034226000390035330000250039250001300041765000380054765000360058570000490062170000410067070000500071118114BD-RjUL20211209000235.0140219s1961 enk b 000 0 eng d a(BD-RjUL)18172 a(OCoLC)552722 aDLCcOKentUdOCoLCdNBrockUdUkdBD-RjUL)beng aeng a820.82bANN 196100aAnnals of English literature, 1475-1950 :bthe principal publications of each year, together with an alphabetical index of authors with their works. a2d ed. aOxford :bClarendon Press,cc1961. avi, 380 p. ;c19 cm. aThe 1st ed. was compiled by J. C. Ghosh and E. G. Withycombe; the 2d ed. was revised and brought up to date by R. W. Chapman. 0aEnglish literaturevBibliography. 0aEnglish literaturevChronology.1 aGhosh, J. C.q(Jyotish Chandra),d1881-1970.1 aWithycombe, Elizabeth Gidley,d1902-1 aChapman, R. W.q(Robert William),d1881-1960.